000
00212nam a2200097Ia 4500
008
220204s9999 xx 000 0 und d
082
_a
82-3
_b
INN
100
_a
Innes, Hammond
245
0
_a
Golden soak
942
_c
BK
999
_c
29385
_d
29385